Top 10 Minnesota Twins of All-Time - Statistics

General Stats
  • This quiz has been taken 1,748 times
    1,659 since last reset
  • The average score is 5 of 10
Answer Stats
WAR Years Position Answer % Correct
53.0 2004-2018 C/1B Joe Mauer
92%
44.9 1984-1995 OF Kirby Puckett
86%
66.3 1954-1974 1B/3B Harmon Killebrew
79%
56.9 1967-1978 1B/2B Rod Carew
68%
116.7 1907-1927 P Walter Johnson
65%
55.3 1970-1976, 1985-1988 P Bert Blyleven
58%
53.3 1959-1973 P Jim Kaat
38%
51.4 1915-1933 OF Sam Rice
11%
48.1 1954-1966 P Camilo Pascual
7%
46.5 1915-1932 1B Joe Judge
5%
No matching quizzes found
Score Distribution
Percent of People with Each Score
Percentile by Number Answered
Your Score History
You have not taken this quiz since the last reset